Largest cities in Central Europe - Statistics

General Stats
  • This quiz has been taken 618 times
  • The average score is 21 of 30
Answer Stats
Hint Answer % Correct
Germany Berlin
100%
Czech Republic Prague
98%
Poland Warsaw
98%
Hungary Budapest
97%
Austria Vienna
97%
Germany Munich
95%
Germany Hamburg
93%
Germany Frankfurt
87%
Poland Krakow
87%
Slovakia Bratislava
86%
Germany Cologne
81%
Germany Dusseldorf
77%
Poland Gdansk
76%
Germany Dresden
75%
Germany Stuttgart
75%
Czech Republic Brno
72%
Poland Lodz
68%
Germany Bremen
65%
Germany Leipzig
65%
Germany Dortmund
63%
Poland Wroclaw
63%
Germany Essen
62%
Poland Poznan
52%
Germany Nuremberg
47%
Germany Hanover
45%
Poland Lublin
37%
Germany Duisburg
34%
Poland Szczecin
31%
Germany Bochum
25%
Poland Bydgoszcz
22%
No matching quizzes found
Score Distribution
Percent of People with Each Score
Percentile by Number Answered
Your Score History
You have not taken this quiz